01104nam a22002177a 45000010005000000030006000050050017000110080041000280200018000690400029000870500008001161000017001242450054001412600057001953000049002524900021003015050008003225200507003305210029008375210020008668064FISKH20250820110136.0250820b cb ||||| |||| 00| 0 eng d a9788128618529 aFISKHbengcFISKHdFISKH aPZ7 aBlyton, Enid aMr Sparks's clever fire engine / cBy Enid Blyton aNew York : bHarperCollinsChildren’sBooks ,c1999. a16 pages : bcolor illustrations ;c26 cm .  aNoddy in Toyland aJ  aNoddy is the most popular and enduring creation of one of this century’s most successful children’s writers. Join him in his latest adventure, in which Toyland is in danger from a fire. Mr Sparks is polishing his fire engine when its bell starts to ring! He’s sure it’s trying to tell him something, but Mr Plod tells him not to be silly: “Fire engines can’t ring their bells by themselves!” But Mr Plod is proved wrong when the clever fire engine helps to prevent a Toy Town disaster…8 a500 bLexile estimate 8 aJ bRaz-Plus